000 01071naa a22003137a 4500
001 BR7907450
003 BR-BrBNA
005 20240918174509.0
007 ta
008 230509b bl.||||| |||| 00| 0 por d
040 _aBR-BrBNA
_bpor
_cBiblioteca Nacional de Agricultura
041 _a(Pt)
072 _aL36
_b5300
_b3730
_b0100
090 _aL36 BR7907450
100 1 _aPeixoto, R.R.
111 1 _a1. Simposio sobre Suinocultura
_cPiracicaba, SP (Brazil)
_d1979
245 1 _aFontes alternativas de energia e proteina para suinos [suplemento energetico]
260 3 _aPiracicaba, SP (Brasil):
_c1979.
500 _aAnais do 1. Simposio sobre Suinocultura Piracicaba, SP (Brasil): 1979. p. 164-187 (BR7907450-AM)L36
650 _aSUINO
650 _aRACAO
650 _aPROTEINA
650 _aCONCENTRADO ENERGETICO
650 _aSUPLEMENTO ENERGETICO
650 _aCEREAL
773 0 _tAnais do 1. Simposio sobre Suinocultura
_wL36 BR7907450
_gPiracicaba, SP (Brasil), 1979. p. 164-187
909 _a202404
_bLucia
_c55
_dLucia Elande
942 _cAM
_2AGRIS
999 _c311603
_d311603